| 000 | 01035cam a2200313 i 4500 | ||
|---|---|---|---|
| 001 | 3657 | ||
| 003 | Mx-PuUPA | ||
| 005 | 20260311085835.0 | ||
| 008 | 140415s2002 sp gr 001 0 spa d | ||
| 017 | _aB-2.475-2002 | ||
| 020 | _a8425422248 | ||
| 040 |
_cMx-PuUPA _aMx-PuUPA _bspa _dMx-PuUPA _erda |
||
| 041 | 0 | _aspa | |
| 100 | 1 |
_aGranada, Miguel Angel, _d1949- _eautr _9780 |
|
| 245 | 1 | 0 |
_aGiordano Bruno : _buniverso infinito, unión con Dios, perfección del hombre / _cMiguel A. Granada |
| 264 | 1 |
_aBarcelona, España : _bEmpresa Editorial Herder, _c©2002 |
|
| 300 |
_a381 páginas ; _c22 cm |
||
| 336 |
_2rdacontent _atexto _btxt |
||
| 337 |
_2rdamedia _asin medio _bn |
||
| 338 |
_2rdacarrier _avolumen _bnc |
||
| 600 | 1 | 0 |
_aBruno, Giordano, _d1548-1600 _9779 _xFilosofía |
| 650 | 7 |
_2armarc _aFilosofía italiana _ySiglo XVI |
|
| 650 | 7 |
_2armarc _aCosmología |
|
| 650 | 7 |
_2armarc _aFilosofía |
|
| 650 | 7 |
_2armarc _aRenacimiento |
|
| 942 |
_2ddc _cLI _h181 _iG72 |
||
| 999 |
_c3657 _d3657 |
||